000 00306nam a2200121Ia 4500
008 190216s9999||||xx |||||||||||||| ||und||
100 _aPaul L Meyer
245 0 _aIntroductory Probability And Statistical Applications
260 _bKitab Mahal
_c1970
300 _a367p
650 _aStatistics
942 _cBK
999 _c4052
_d4052